[Event "Portugal Open 2019"]
[Site "Lisbon"]
[Date "2019.02.05"]
[Round "5.7"]
[White "Low, Zhen Yu Cyrus"]
[Black "Jakubowski, Krzysztof"]
[Result "1-0"]
[WhiteElo "2377"]
[BlackElo "2514"]
[Annotator "TA"]
[PlyCount "91"]
[EventDate "2019.01.25"]
[EventType "swiss"]
[EventCountry "POR"]
[SourceTitle "playchess.com"]
[Source "ChessBase"]
[SourceQuality "1"]

{[%evp 13,91,41,43,45,77,74,94,88,99,57,73,68,81,81,86,60,100,106,154,146,229,229,226,235,254,184,556,545,487,439,444,427,571,561,559,560,539,545,564,563,614,613,701,0,755,651,679,674,652,655,597,519,518,519,503,489,534,519,620,615,633,615,747,733,741,741,767,750,887,874,841,865,854,847,1036,979,946,923,29998,29999]} 1. e4 c5 2. Nf3 d6 3. d4 cxd4 ({Predecessor:} 3... Nf6 4. Nc3 cxd4 {½-½ (42) Caprio,G (2299)-Shytaj,L (2475) Spoleto 2011}) 4. Nxd4 Nf6 5. Nc3 a6 ({Predecessor:} 5... Bd7 6. f3 e6 7. Be3 a6 8. Qd2 Be7 {½-½ (42) Caprio,G (2299)-Shytaj,L (2475) Spoleto 2011}) 6. g3 Bg4 7. f3 Bd7 8. Be3 {B91: Sicilian Najdorf: 6 g3} e6 $146 (8... h5 9. Qd2 Nc6 10. O-O-O e6 11. Kb1 b5 12. Nxc6 Bxc6 13. Bd3 Nd7 14. f4 Nc5 15. Rhe1 Be7 {0-1 (45) Malakhov,V (2686)-Svidler,P (2765) Riadh 2017}) 9. g4 Be7 10. Qd2 {White is better.} b5 11. a3 {[%cal Ba2a3,Ba3b4,Bb4b5][%mdl 32]} ({Predecessor:} 11. O-O-O Nc6 12. g5 Nh5 13. Nce2 Qa5 14. Qxa5 Nxa5 15. Ng3 Nxg3 16. hxg3 Rc8 17. Rd2 Kf8 {½-½ (42) Caprio,G (2299)-Shytaj,L (2475) Spoleto 2011}) 11... O-O 12. g5 Nh5 13. Bh3 g6 {[#]} 14. Bg4 $1 Ng7 15. O-O-O b4 16. axb4 a5 (16... Nc6 $16) 17. b5 $18 a4 18. h4 Qa5 19. Nb1 Qc7 $2 (19... Qxd2+ {is a better chance.} 20. Bxd2 (20. Nxd2 a3 $16) 20... Ra7) 20. h5 a3 {Black wants to play ...a2.} 21. Nxa3 {Threatens to win with hxg6.} d5 22. Nb1 dxe4 23. hxg6 fxg6 {[#]} 24. Nxe6 $1 {[%mdl 576] Remove Defender, Decoy} Bxe6 25. Bxe6+ Nxe6 26. Qd5 {[%mdl 64] Double Attack} Qc8 27. Qxa8 Rxf3 28. Bd2 $2 ({Better is} 28. Qa7 $18 Rf7 29. Rdf1) 28... Nc5 $2 {[%mdl 8192]} (28... Qxc2+ $11 29. Kxc2 Nd4+ {[%mdl 64] Double Attack} 30. Kc1 Nb3+ 31. Kc2 Nd4+ {[%mdl 64] Double Attack} 32. Kc1 Nb3+ 33. Kc2 Nd4+ {[%mdl 64] Double Attack}) 29. Qd5+ Qe6 30. Nc3 Rf5 31. Qxe6+ Nxe6 32. Nxe4 Rxb5 33. Rde1 Rb6 34. c3 Nd7 35. Kc2 Ng7 36. b4 Nf5 37. Ra1 Rb7 38. Ra8+ Nf8 39. Bf4 Kf7 40. Be5 Rb6 41. Bf6 Re6 42. Bxe7 Rxe7 43. Nf6 Kg7 44. Kb3 Nd6 45. Rd8 Nf7 {[#]} 46. Rxh7+ $1 {[%mdl 512] Accuracy: White = 91%, Black = 25%.} 1-0

[Event "Portugal Open 2019"]
[Site "Lisbon"]
[Date "2019.02.05"]
[Round "5.8"]
[White "Kaasen, Tor Fredrik"]
[Black "Spraggett, Kevin"]
[Result "1-0"]
[WhiteElo "2387"]
[BlackElo "2513"]
[Annotator "TA"]
[PlyCount "57"]
[EventDate "2019.01.25"]
[EventType "swiss"]
[EventCountry "POR"]
[SourceTitle "playchess.com"]
[Source "ChessBase"]
[SourceQuality "1"]

{[%evp 14,57,17,25,64,36,21,0,61,43,67,30,39,24,35,31,34,16,16,0,0,0,47,41,129,95,175,107,192,143,201,193,215,186,187,187,458,450,546,397,1013,996,759,589,860,860]} 1. c4 e6 2. g3 f5 ({Predecessor:} 2... d5 3. Bg2 f5 4. b3 {1-0 (36) Baghdasaryan,V (2472)-Gharagyozyan,A (2166) Poti 2016}) 3. Bg2 Nf6 4. b3 $146 (4. Nf3 d5 5. O-O c6 6. b3 Bd6 7. Bb2 {1-0 (35) Dvirnyy,D (2574)-Cruz,C (2554) Catalunya 2014}) 4... d5 5. Bb2 ({Predecessor:} 5. Nf3 c6 6. O-O Bd6 7. d3 O-O {1-0 (36) Baghdasaryan,V (2472)-Gharagyozyan,A (2166) Poti 2016}) 5... Bd6 6. Nf3 O-O 7. O-O c6 8. d3 f4 {A10: English Opening: Unusual Replies for Black} (8... Qe7 9. Nbd2 e5 10. cxd5 cxd5 11. e4 fxe4 12. dxe4 d4 13. Bxd4 exd4 14. e5 Bxe5 15. Re1 Bg4 16. h3 Bxf3 17. Nxf3 {1-0 (35) Dvirnyy,D (2574)-Cruz,C (2554) Catalunya 2014}) 9. e3 ({Predecessor:} 9. Nbd2 fxg3 10. hxg3 Qe8 11. e4 dxe4 12. Nxe4 Nxe4 13. dxe4 Bc5 14. a3 a5 15. b4 Be7 16. c5 {1-0 (36) Baghdasaryan,V (2472)-Gharagyozyan,A (2166) Poti 2016}) 9... fxg3 10. hxg3 Qe7 (10... Ng4 $11) 11. Ne5 a5 12. a3 Bd7 13. Nd2 Be8 14. f4 $36 {[%mdl 2048] White has the initiative.} Bh5 15. Bf3 Bxf3 16. Ndxf3 Nbd7 17. Qe2 Bc5 18. Kg2 Rfd8 (18... Nxe5 $14 19. Nxe5 Bd6) 19. Rh1 $16 Nf8 {[#]} (19... Nxe5 $16 {was called for.} 20. Nxe5 h6) 20. Rh3 (20. Ng5 $1 $18) 20... Rac8 (20... Bd6 $16) 21. g4 N6d7 (21... Bd6 $16 22. g5 Bxe5) 22. g5 b5 23. Nxd7 Rxd7 24. Ne5 Rb7 $2 {[#]} (24... dxc4 25. Nxd7 Qxd7 26. dxc4 bxc4) 25. Rah1 $1 $18 Qe8 26. Qg4 bxc4 $2 (26... g6 27. Qg3 h5 28. gxh6 d4 29. h7+ Nxh7 30. exd4 Bd6) 27. g6 {White is clearly winning.} h6 28. Nf7 {Intending Rxh6! and mate.} Rxb3 29. Be5 {[%mdl 64] Remove Defender. Accuracy: White = 73%, Black = 24%.} 1-0

[Event "Portugal Open 2019"]
[Site "Lisbon"]
[Date "2019.02.05"]
[Round "5.9"]
[White "Bilguun, Sumiya"]
[Black "Korley, Kassa"]
[Result "0-1"]
[WhiteElo "2471"]
[BlackElo "2426"]
[Annotator "TA"]
[PlyCount "76"]
[EventDate "2019.01.25"]
[EventType "swiss"]
[EventCountry "POR"]
[SourceTitle "playchess.com"]
[Source "ChessBase"]
[SourceQuality "1"]

{[%evp 15,76,-8,-6,-9,8,8,23,15,37,23,12,-6,15,15,15,-27,-34,-18,-29,-64,-83,-80,-21,-57,-80,-68,-64,-98,-97,-76,-78,-89,-100,-121,-97,-86,-100,-109,-93,-129,-113,-94,-91,-91,-83,-161,-107,-205,-94,-111,-75,-86,-53,-162,-172,-503,-487,-802,-775,-29984,-29984,-29992,-29993]} 1. e4 e6 ({Predecessor:} 1... c5 2. Nf3 e6 {1-0 (60) Stavroyany,S-Truskavetsky,A (2243) Kiev 2001}) 2. Qe2 c5 3. Nf3 Nc6 4. g3 g6 ({Predecessor:} 4... d6 5. Bg2 g6 6. d3 Bg7 7. c3 Nge7 8. O-O {1-0 (60) Stavroyany,S-Truskavetsky,A (2243) Kiev 2001}) 5. Bg2 Bg7 6. O-O Nge7 7. d3 O-O $146 (7... d6 8. c3 {0-1 (51) Yakubboev,N (2556)-Anisimov,P (2533) St Petersburg 2018}) 8. c3 d6 9. Rd1 {C00: French: Unusual White 2nd moves} (9. Na3 a6 10. Nc2 b5 11. d4 cxd4 12. cxd4 Bb7 13. h4 h6 14. Bf4 Rc8 15. Rfd1 Na5 16. b3 Qd7 17. Nfe1 {0-1 (51) Yakubboev,N (2556)-Anisimov,P (2533) St Petersburg 2018}) 9... Qc7 10. Na3 a6 11. d4 {White has an edge.} ({Predecessor:} 11. Nc2 b5 12. d4 cxd4 13. cxd4 Bb7 14. Bd2 Rfc8 15. Rac1 Qd7 16. Be1 Rc7 {1-0 (60) Stavroyany,S-Truskavetsky,A (2243) Kiev 2001}) 11... b5 12. Be3 cxd4 13. cxd4 Bb7 14. Rac1 {[#] Black must now prevent d5.} Qd7 15. h4 f5 16. Ng5 fxe4 17. Bxe4 h6 18. Nf3 Nd8 (18... Rf7 $17 19. Nc2 Raf8) 19. Nd2 Nf5 20. Nc2 Rc8 21. Qg4 Qf7 22. Bxb7 Nxb7 23. Qe2 Na5 24. Qd3 Nc4 25. Nxc4 bxc4 ({But not} 25... Rxc4 $6 26. b3 $11) ({Don't play} 25... Nxe3 $6 26. N4xe3 Qxf2+ 27. Kh1 $11) 26. Qe2 d5 27. Ne1 Rce8 28. Ng2 g5 29. hxg5 hxg5 30. Rc2 (30. b3 $17 {keeps fighting.}) 30... Qg6 ({Better is} 30... e5 $19 31. dxe5 Rxe5) 31. Rcd2 (31. b3 $17 {might work better.}) 31... Nd6 (31... Kf7 $19 {has better winning chances.} 32. g4 Nd6) 32. Qg4 $17 Ne4 $36 {[%mdl 2048] Black is on the roll.} 33. Re2 {With the idea f3.} Qf5 34. Qh5 (34. Qxf5 $15 exf5 35. Bc1) 34... Re7 $19 {[#] ...Bh8 is the strong threat.} 35. Bc1 $2 (35. Ne1) 35... Nxf2 36. Rde1 (36. Ne3 $142 Qf7 37. Qxf7+ Rexf7 38. Rf1) 36... Bxd4 {( -> ...Rh7)} 37. Ne3 Ng4 38. Kg2 Qf3+ {Accuracy: White = 34%, Black = 58%.} 0-1

[Event "Portugal Open 2019"]
[Site "Lisbon"]
[Date "2019.02.05"]
[Round "5.10"]
[White "Sousa, Ludy Helsio Paulo"]
[Black "Butkiewicz, Lukasz"]
[Result "1/2-1/2"]
[WhiteElo "2169"]
[BlackElo "2445"]
[Annotator "TA"]
[PlyCount "84"]
[EventDate "2019.01.25"]
[EventType "swiss"]
[EventCountry "POR"]
[SourceTitle "playchess.com"]
[Source "ChessBase"]
[SourceQuality "1"]

{[%evp 14,84,4,0,1,-51,-49,-47,-64,-58,-56,-74,-43,-43,-41,-34,-34,-43,-33,-41,-43,-20,20,20,25,31,35,-22,-22,-22,-22,-20,-26,-24,-14,-12,0,0,0,0,0,-14,0,0,0,0,0,0,0,0,0,0,0,0,0,-37,-39,-38,-44,-35,-35,-48,-16,-17,-15,-16,-8,-8,-8,-51,-8,-9,-8]} 1. e4 c5 2. Nf3 Nc6 3. d4 cxd4 4. Nxd4 g6 5. Nc3 Bg7 6. Be3 Nf6 7. Nb3 d6 {B34: Sicilian: Accelerated Dragon with 5 Nc3: sidelines} (7... O-O 8. Be2 d6 9. f4 Be6 10. O-O a5 11. a4 Rc8 12. Kh1 Nb4 13. Nd4 Bc4 14. Bd3 Bxd3 15. cxd3 Nd7 16. Ndb5 d5 17. e5 Nc5 18. Bxc5 Rxc5 19. d4 Rc6 {1-0 (54) Negi,P (2656)-Katz,A (2433) Burlingame 2019}) 8. f3 {LiveBook: 3 Games} Be6 9. g4 (9. Qe2 $11) 9... d5 $146 {Black is slightly better.} ({Predecessor:} 9... O-O 10. Qd2 Ne5 11. Nd4 Qa5 12. g5 Nh5 13. f4 Nc4 14. Bxc4 Bxc4 {0-1 (63) Micheli,C (2360)-Salvermoser,B (2246) Austria 2004}) 10. g5 Nxe4 $1 11. fxe4 {[%cal Rc3d5]} d4 12. Nxd4 $1 Bxd4 13. Bxd4 Qxd4 14. Qxd4 Nxd4 15. O-O-O O-O-O 16. Nd5 Nc6 17. Bb5 Bxd5 18. exd5 Ne5 19. Rhe1 f6 20. d6 ({White should try} 20. Re3 $14) 20... Rxd6 $11 21. Rxd6 exd6 22. gxf6 {[%mdl 4096] Endgame KRB-KRN} Rf8 23. Rf1 Kd8 24. Ba4 Ng4 25. f7 Ne5 26. Bb3 $1 Ke7 {[%cal Re5f7]} 27. Re1 g5 28. Re3 g4 29. Rc3 Kd7 30. Bd5 Nxf7 31. Ra3 Nd8 {Hoping for ...Rf1+.} 32. h3 $1 Rf1+ 33. Kd2 Rf2+ 34. Ke1 Rxc2 35. hxg4 Rh2 36. Rxa7 Rxb2 37. Ra3 Rh2 38. Kf1 Nc6 39. Rf3 Kc7 40. Rf7+ Kb6 41. g5 Rh4 42. Rg7 Ne5 {Precision: White = 71%, Black = 61%.} 1/2-1/2

[Event "Portugal Open 2019"]
[Site "Lisbon"]
[Date "2019.02.05"]
[Round "5.11"]
[White "Kowalski, Igor"]
[Black "Christiansen, Johan-Sebastian"]
[Result "1/2-1/2"]
[WhiteElo "2296"]
[BlackElo "2559"]
[Annotator "TA"]
[PlyCount "125"]
[EventDate "2019.01.25"]
[EventType "swiss"]
[EventCountry "POR"]
[SourceTitle "playchess.com"]
[Source "ChessBase"]
[SourceQuality "1"]

{[%evp 13,125,31,52,24,33,12,16,24,27,27,20,20,25,39,17,10,28,31,29,0,0,3,9,-11,-11,-11,-11,-35,-35,-35,-37,-36,-24,-41,-42,-112,-97,-168,-164,-173,-150,-181,-127,-165,-141,-200,-165,-378,-345,-354,-297,-298,0,0,0,0,5,7,4,-13,23,14,29,22,68,58,79,10,10,7,8,0,0,0,82,79,176,183,523,335,320,281,274,141,161,157,150,12,21,62,105,112,180,11,12,12,52,41,64,64,64,9,9,9,64,50,64,64,70,64,64,66,72,-8]} 1. d4 Nf6 2. c4 e6 3. Nf3 d5 4. Nc3 Bb4 5. Bg5 Nbd7 6. cxd5 exd5 7. Qc2 {D38: Queen's Gambit Declined: Ragozin Defence (4 Nf3 Bb4)} c6 {LiveBook: 29 Games} (7... c5 8. g3 cxd4 9. Nxd4 Qb6 10. a3 Bxc3+ 11. bxc3 Ne4 12. Bf4 Ndf6 13. Rb1 Qc5 14. f3 Nd6 15. Qa4+ Bd7 {½-½ (37) Aronian,L (2765)-Mamedyarov,S (2817) Kolkata 2018}) 8. a3 Bd6 9. e3 {White is slightly better.} O-O 10. Bd3 h6 11. Bh4 Re8 12. O-O Nf8 13. b4 Bg4 $146 ({Predecessor:} 13... Bd7 14. Rab1 {1-0 (39) Brokalakis Gounaris,C (2018)-Fyntrilakis,K (1835) Rethymno 2019}) 14. Nd2 a6 15. Nb3 Bh5 16. Bg3 Bxg3 17. hxg3 Bg6 18. Ne2 Bxd3 19. Qxd3 Ne4 20. Nc5 Nd6 21. Nf4 $1 Nh7 22. a4 Nf6 23. Rfe1 a5 24. b5 (24. Qc3 $15) 24... b6 $17 25. Na6 (25. Nb3 $17) 25... cxb5 26. axb5 Qd7 27. Rab1 Rec8 (27... Rac8 $19 28. Ne2 Rc4) 28. Qb3 Nc4 29. Re2 (29. Qd3 $17) 29... Ne4 {White must now prevent ...Ned2.} 30. Rd1 $2 (30. Qd3) 30... g5 $19 31. Nd3 Ncd6 32. Rb2 {[#]} Nc3 $2 {[#]} (32... Qxb5 $1 $19 {[%mdl 512]} 33. Qxb5 Nxb5 34. Rxb5 Nc3 35. Rxb6 Nxd1) 33. Nac5 $1 $11 {[%cal Rc5d7][%mdl 512]} bxc5 34. Qxc3 Ne4 35. Qa3 {[%cal Rd4c5]} cxd4 36. Ne5 Qe6 37. exd4 Rc3 38. Qa1 a4 39. Ra2 $1 {aiming for f3.} Rcc8 {[#] White should prevent ...Nc3.} 40. Nc6 (40. Re1 $1 $16) 40... Kg7 41. Re1 Qf6 $1 42. Re3 g4 43. Qe1 $36 {[%mdl 2048] White is more active.} Nd6 (43... Re8 $11) 44. Ne7 $16 {[%cal Bc6e7,Be7d5,Bd5e3][%mdl 32]} Re8 (44... Nf5 $16 {was necessary.}) 45. Nxd5 $18 Qxd4 $2 (45... Qg5 {is a better chance.}) 46. Rd2 Rxe3 47. Nxe3 (47. Rxd4 $2 {loses.} Rxe1+ 48. Kh2 Ne4 $19) 47... Qc3 48. Nd5 (48. Kh2 $18 {Strongly threatening Nd5.} Re8 49. Qd1) 48... Re8 $16 49. Qd1 ({Inferior is} 49. Nxc3 Rxe1+ 50. Kh2 Ne4 $11) 49... Qe5 {Threatening ...Qe1+.} 50. Ne3 ({White should play} 50. Nc7 $16 Re7 51. Rxd6 Rxc7 52. Qxg4+ Kh7 53. Rd8) 50... Ne4 $1 $11 {[%cal Re4d2]} 51. Qxg4+ Kh8 52. Rd5 Qf6 {[#]} (52... Qa1+ $16 {might work better.} 53. Rd1 Qf6) 53. Qf4 $2 (53. Rf5 $1 $18 {[%cal Rf5f6]} Qe6 54. Qf4) 53... Qxf4 54. gxf4 {[%mdl 4096] Endgame Threatens to win with b6. KRN-KRN} a3 {...a2 is the strong threat.} 55. b6 {Hoping for Ra5.} Nc3 56. Ra5 a2 {And now ...Re6 would win.} 57. Nc2 (57. Ra6 $14) 57... Rb8 58. Ra6 Kg7 ({Black should try} 58... Ne2+ $1 $11 59. Kf1 Nxf4) 59. Kh2 Rb7 60. Kg3 h5 61. Kf3 Rd7 62. g3 Rb7 63. Ke3 {Precision: White = 48%, Black = 58%.} (63. Kg2 $16) 1/2-1/2

[Event "Portugal Open 2019"]
[Site "Lisbon"]
[Date "2019.02.05"]
[Round "5.12"]
[White "Annaberdiev, Meilis"]
[Black "Bartel, Michal"]
[Result "1-0"]
[WhiteElo "2522"]
[BlackElo "2306"]
[Annotator "TA"]
[PlyCount "57"]
[EventDate "2019.01.25"]
[EventType "swiss"]
[EventCountry "POR"]
[SourceTitle "playchess.com"]
[Source "ChessBase"]
[SourceQuality "1"]

{[%evp 9,57,30,34,52,35,41,43,29,34,0,33,30,39,52,54,38,62,64,66,56,52,50,56,57,92,58,139,118,119,126,101,137,195,206,206,214,195,206,259,255,238,279,285,283,393,247,258,183,183,198]} 1. d4 $146 (1. Nf3 d5 {½-½ (69) Grigoriants,S (2540)-Carlsen,M (2835) St Petersburg 2018}) ({Predecessor:} 1. e4 e6 2. d4 d5 3. Nd2 dxe4 4. Nxe4 Nd7 5. Nf3 Ngf6 6. Nxf6+ Nxf6 7. c3 c5 8. Ne5 a6 {1-0 (25) Adams,M (2731)-Akopian,V (2689) Moscow 2004}) 1... d5 2. Nf3 a6 3. Bg5 (3. Bf4 e6 4. e3 Bd6 5. Bd3 Nf6 6. O-O O-O 7. Nbd2 b6 8. Bxd6 cxd6 9. c4 dxc4 10. Nxc4 Bb7 11. Rc1 {½-½ (69) Grigoriants,S (2540)-Carlsen,M (2835) St Petersburg 2018}) 3... Nf6 4. Nbd2 e6 5. e4 dxe4 {[#]} 6. Nxe4 $1 {[%mdl 512] D02: 1 d4 d5 2 Nf3 sidelines, including 2...Nf6 3 g3 and 2...Nf6 3 Bf4} Nbd7 (6... Nxe4 7. Bxd8) 7. Nxf6+ Nxf6 8. c3 {White is slightly better.} c5 9. Ne5 Be7 10. dxc5 Qxd1+ 11. Rxd1 Bxc5 12. Be2 h6 13. Bh4 O-O ({Predecessor:} 13... g5 14. Bg3 Ne4 15. Bf3 Nxg3 16. hxg3 {1-0 (25) Adams,M (2731)-Akopian,V (2689) Moscow 2004}) 14. Bf3 Ra7 15. b4 Be7 16. O-O Rd8 17. c4 Kf8 (17... Re8 $14) 18. Rxd8+ $16 Bxd8 19. Rd1 Be7 20. c5 $36 {[%mdl 2048] White is really pushing.} Ke8 {[#]} (20... g5 $16 {might work better.}) 21. Nc4 $1 $18 e5 22. Bxf6 gxf6 23. a4 {[%cal Ba2a4,Ba4a5][%mdl 32]} Bd7 24. Nb6 Be6 25. a5 Bd8 26. g4 f5 27. gxf5 Bxf5 28. Bd5 Bc7 29. f3 {Accuracy: White = 79%, Black = 52%.} 1-0

[Event "Portugal Open 2019"]
[Site "Lisbon"]
[Date "2019.02.05"]
[Round "5.13"]
[White "Dvirnyy, Danyyil"]
[Black "Sorensen, Hampus"]
[Result "1/2-1/2"]
[WhiteElo "2487"]
[BlackElo "2289"]
[Annotator "TA"]
[PlyCount "122"]
[EventDate "2019.01.25"]
[EventType "swiss"]
[EventCountry "POR"]
[SourceTitle "playchess.com"]
[Source "ChessBase"]
[SourceQuality "1"]

{[%evp 14,122,0,0,0,-6,41,0,23,17,205,68,59,43,38,22,15,26,15,17,53,49,54,45,44,58,52,43,67,52,59,58,71,13,24,30,26,26,51,0,4,0,0,0,0,7,8,8,10,11,10,0,0,0,0,-15,0,0,37,42,50,35,42,23,24,0,8,0,0,0,0,0,0,0,0,0,0,0,0,0,0,0,27,27,27,25,27,0,27,27,27,27,27,27,27,27,27,27,27,0,27,0,27,27,27,27,27,0,27,0,27]} 1. Nf3 ({Predecessor:} 1. d4 d5 {½-½ (36) Micic,N (2376)-Sykora,J (2375) ICCF email 2007}) 1... d5 2. d4 Nf6 ({Predecessor:} 2... c6 3. c4 e6 4. Nc3 dxc4 5. g3 b5 6. Bg2 Bb7 7. O-O Nd7 8. Ne5 Qc8 9. b3 cxb3 10. Qxb3 {½-½ (36) Micic,N (2376)-Sykora,J (2375) ICCF email 2007}) 3. c4 c6 $146 (3... e6 4. Nc3 {0-1 (34) Piorun,K (2631)-Duda,J (2731) Poland 2018}) 4. Nc3 e6 5. g3 dxc4 6. Bg2 b5 7. O-O Bb7 8. Ne5 Qc8 {E04: Open Catalan: 5 Nf3} (8... a6 9. a4 Qc8 10. e4 Nbd7 11. f4 Be7 12. f5 exf5 13. Rxf5 b4 14. Nxd7 Nxd7 15. Nb1 O-O 16. a5 {0-1 (34) Piorun,K (2631)-Duda,J (2731) Poland 2018}) 9. b3 cxb3 10. Qxb3 Nbd7 11. Ba3 b4 $2 (11... Bxa3 $11 {and Black has nothing to worry.} 12. Qxa3 a5) ({Predecessor:} 11... Bxa3 12. Qxa3 a5 13. Nxd7 Qxd7 14. Qc5 Nd5 {½-½ (36) Micic,N (2376)-Sykora,J (2375) ICCF email 2007}) 12. Nxd7 ({Only move:} 12. Bxb4 $18 c5 13. Bxc5 Bxg2 14. Bxf8 Bxf1 15. Bxg7) 12... Nxd7 $14 13. Bxb4 c5 {[#] White must now prevent ...Bxg2.} 14. Ba5 Bxg2 15. Kxg2 Be7 16. d5 O-O 17. dxe6 Qc6+ 18. Qd5 Qxe6 19. Qxe6 fxe6 20. Nb5 Kf7 21. Rfd1 Nb6 22. Rac1 Nd5 23. Rc4 (23. Rc2 $16) 23... Rfb8 24. a4 a6 25. Nc3 Rb2 26. Kf1 (26. Nxd5 $14 exd5 27. Rxd5) 26... Nf6 27. Ne4 Nxe4 28. Rxe4 Rab8 29. Rd7 {next Ra7 is good for White.} R8b7 30. Rd3 Rb1+ 31. Kg2 R7b3 32. Rd7 {And now Ra7 would win.} Rb7 $1 {[%cal Rb7d7]} 33. Rxb7 (33. Rd2 {with more complications.} g6 34. h4 R1b2 35. Rd3 R7b3 36. Rd1) 33... Rxb7 $11 {[%mdl 4096] Endgame KRB-KRB} 34. Kf3 Bd6 35. Ke3 e5 36. Bc3 Rb3 37. Kd2 Ke6 38. Kc2 Rb7 39. Rc4 Kd5 40. Kd3 Rb1 {[#] Strongly threatening ...Rd1+.} 41. e4+ Kc6 42. Bd2 g6 43. Bc1 Rb3+ 44. Kc2 Rb7 (44... Rb4 {is more complex.} 45. Kd3 Be7 46. Be3 Rb2 47. Rc2 Rb3+) 45. Bd2 Rf7 46. Be3 Rf8 47. Rc3 g5 48. h3 h5 49. Rb3 g4 50. Rb1 Rb8 51. Rxb8 Bxb8 52. hxg4 hxg4 {KB-KB} 53. Kd3 Bc7 54. Kc4 Bd6 55. Bg5 Bf8 56. Be3 Bd6 57. Kd3 Kd7 58. Bc1 Bf8 59. Bb2 Bd6 60. Kd2 Ke7 61. Kd3 Kd7 {Accuracy: White = 48%, Black = 55%.} 1/2-1/2

[Event "Portugal Open 2019"]
[Site "Lisbon"]
[Date "2019.02.05"]
[Round "5.14"]
[White "Storme, Isak"]
[Black "Iniyan, P."]
[Result "0-1"]
[WhiteElo "2290"]
[BlackElo "2480"]
[Annotator "TA"]
[PlyCount "54"]
[EventDate "2019.01.25"]
[EventType "swiss"]
[EventCountry "POR"]
[SourceTitle "playchess.com"]
[Source "ChessBase"]
[SourceQuality "1"]

{[%evp 17,54,30,52,41,32,41,55,59,56,47,39,41,61,0,0,-19,0,0,0,0,0,-183,-190,-202,-176,-187,-185,-185,-166,-313,-291,-323,-287,-302,-305,-448,-425,-880,-812]} 1. e4 c5 2. Nf3 d6 3. d4 cxd4 4. Nxd4 Nf6 5. Nc3 a6 (5... e6 6. Be3 {0-1 (53) Yu,Y (2734)-Xu,J (2534) Wuxi 2016}) 6. Be3 e6 7. f3 b5 8. Qd2 Nbd7 9. g4 Nb6 10. a4 {B80: Sicilian Scheveningen: 6 g3 and 6 Be3, including English Attack} Nc4 11. Bxc4 bxc4 12. g5 {White is slightly better.} (12. a5 Qc7 13. g5 Nd7 14. Kd1 Rb8 15. Kc1 Nc5 16. Na4 Nxa4 17. Rxa4 Be7 {0-1 (53) Yu,Y (2734)-Xu,J (2534) Wuxi 2016}) 12... Nd7 13. f4 Qc7 14. O-O Bb7 {[#]} 15. Qg2 $146 ({White should play} 15. f5 $1 $14 e5 16. Nde2) ({Predecessor:} 15. f5 e5 16. Nde2 h6 17. f6 g6 18. gxh6 {1-0 (50) Noble,M (2513)-Del Vecchio,A (2481) ICCF email 2009}) 15... g6 $11 16. Qh3 Nc5 17. f5 gxf5 18. exf5 e5 {Threatens to win with ...0-0-0.} 19. g6 $2 {[#]} (19. Rad1 $11) 19... f6 $1 $19 20. Ne6 Nxe6 21. fxe6 {[#]} Qg7 $1 22. Rad1 Be7 23. Bh6 (23. Rf2 $142) 23... Qxg6+ {[%mdl 64] Double Attack} 24. Kf2 {Black must now prevent Rg1.} f5 25. Rg1 Qxe6 26. Rg7 (26. Rdf1 $142) 26... O-O-O 27. Qe3 (27. a5 $142) 27... f4 {Accuracy: White = 40%, Black = 84%.} 0-1

[Event "Portugal Open 2019"]
[Site "Lisbon"]
[Date "2019.02.05"]
[Round "5.15"]
[White "Risting, Eivind Olav"]
[Black "Miezis, Normunds"]
[Result "1/2-1/2"]
[WhiteElo "2282"]
[BlackElo "2467"]
[Annotator "TA"]
[PlyCount "55"]
[EventDate "2019.01.25"]
[EventType "swiss"]
[EventCountry "POR"]
[SourceTitle "playchess.com"]
[Source "ChessBase"]
[SourceQuality "1"]

{[%evp 12,55,10,8,43,26,52,45,49,52,48,43,46,44,42,29,48,52,43,25,0,7,60,62,55,59,70,75,101,76,70,65,93,62,78,43,61,43,62,0,59,0,66,0,62,0]} 1. d4 Nf6 2. c4 e6 3. Nf3 $146 ({Predecessor:} 3. g3 Bb4+ 4. Bd2 a5 5. Bg2 O-O 6. Nf3 d5 {½-½ (51) Koziak,V (2515)-Ovsejevitsch,S (2572) Mukachevo 2012}) 3... Bb4+ 4. Bd2 a5 5. g3 d5 6. Qc2 O-O 7. Bg2 c5 {E11: Bogo-Indian} 8. cxd5 cxd4 9. Nxd4 Qb6 10. e3 exd5 11. O-O Nc6 12. Nxc6 bxc6 13. Rc1 Bd7 14. Nc3 Rfe8 15. a3 ({Predecessor:} 15. Na4) 15... Bf8 16. Na4 Qb8 (16... Qb7 $11) 17. Bc3 $14 Qd8 18. Bxf6 gxf6 19. Nc5 Bc8 20. b4 axb4 21. axb4 Rb8 22. Rab1 Qd6 23. Rd1 f5 24. Nd3 Ba6 25. Nc5 Bc8 26. Nd3 Ba6 27. Nc5 Bc8 28. Nd3 {Accuracy: White = 60%, Black = 33%.} (28. Bh3 $14) 1/2-1/2